| 000 | | | 04281cbm0a2200301#x 450 |
| 001 | | | 5e5ff7b6-e595-4241-a29a-67f078aab32c |
| 005 | | | 20210621135204.0 |
| 100 | ## | $a | 20210621j19400802k###0rusy50 ca |
| 101 | 0# | $a | rus |
| 102 | ## | $a | BG |
| 105 | ## | $a | y###z######z# |
| 122 | 0# | $a | d19400802## |
| 200 | 1# | $a | Шифртелеграмма полпреда СССР в Болгарии А. А. Лаврищева в НКИД СССР о реакции болгарской стороны на выступление наркома иностранных дел СССР В. М. Молотова 1 августа 1940 г. |
| | $j | 2 августа 1940 г. |
| 251 | ## | $c | Документ |
| 300 | ## | $a | Заверенная копия |
| 461 | #0 | $1 | 2001 |
| | $a | Ф. 059 |
| | $1 | 251 |
| | $c | Фонд |
| | $1 | 852 |
| | $j | 059 |
| 462 | #0 | $1 | 2001 |
| | $a | Оп. 1. П. 330 |
| | $1 | 251 |
| | $c | Опись |
| | $1 | 852 |
| | $j | 1. П. 330 |
| 462 | #0 | $1 | 2001 |
| | $a | Д. 2271 |
| | $v | Л. 262 |
| | $1 | 251 |
| | $c | Дело |
| | $1 | 852 |
| | $j | 2271 |
| 605 | ## | $2 | prlib_sh |
| | $3 | LIBNET\UAF\0000088514 |
| | $a | Вторая мировая война в архивных документах (Комплекс оцифрованных архивных документов, кино- и фотоматериалов) |
| | $l | коллекция |
| 617 | ## | $2 | prlib_sh |
| | $a | СССР |
| | $f | 1940 |
| 617 | ## | $2 | prlib_sh |
| | $a | Болгария |
| | $f | 1940 |
| 686 | ## | $a | 63.3(2)62-6ю11 |
| | $v | LBC/M |
| | $2 | rubbk |
| 686 | ## | $a | 63.3(4Бол)62-6ю11 |
| | $v | LBC/M |
| | $2 | rubbk |
| 801 | #0 | $a | RU |
| | $b | ПБ им. Б.Н. Ельцина |
| | $c | 20210621 |
| 801 | #1 | $a | RU |
| | $b | ПБ им. Б.Н. Ельцина |
| | $c | 20210621 |
| | $2 | rusmarc |
| 801 | #2 | $a | RU |
| | $b | ПБ им. Б.Н. Ельцина |
| | $c | 20210621 |
| | $2 | rusmarc |
| 850 | ## | $a | Архив внешней политики Российской Федерации |
| 852 | ## | $a | АВП РФ |
| | $j | Л. 262 |
| 035 | ## | $a | LIBNET\0001163072 |
| 937 | ## | $d | 165223750 |
| | $h | Федеральное архивное агентство |
| 856 | 4# | $u | http://readingroom.main.prlib.ru/item.aspx?id_node=n165223750&mode=full |